000 00620nam a2200169 a 4500
008 101021s2008 ||||||||||||||||| || u
020 _a9780521701471
050 _aQC 670 Fle
100 _aFleisch, Daniel
245 1 0 _aA Student's guide to Maxwell's equations
_cby Daniel Fleisch
260 _aCambridge:
_bCambridge University Press
_c2008
300 _aix, 134p.: ill.
350 _a0.00
650 _aMAXWELL EQUATIONS
650 0 _aPHYSICS
995 _D0.00
_FCBU-MAIN LIBRARY (Kitwe)
_H1
_I0.00
_M1
_UAVAILABLE
_WNov 25, 2010
_ZMain Library Open Access Collection
999 _c58765
_d58765